000 00694nam a2200217 a 4500
005 20140310183402.0
008 121005s19uu xx 00 eng d
020 _a9780521692489
050 _aPE 1128
_b.D781 2007
100 _aDriscoll, Liz.
245 _aCommon mistakes at KET :
_b...and how to avoid them /
_cLiz Driscoll.
260 _aCambridge, UK :
_bCambridge University Press,
_c2007.
300 _a64 p. :
_bill. ;
_c23 cm.
440 _aCambridge books for Cambridge Exams
500 _aIncludes answer key
521 _aEDU
650 _aEnglish language
_xGrammar
650 _aEnglish language
_xTextbooks for foreign speakers
942 _cBK
_2lcc
_kFOR
999 _c22342
_d22342